Alle Spieler von RedBull Salzburg seit 05/06 - Statistiken

Allgemein
  • Dieses Quiz wurde 15 mal gespielt
  • Das Durchschnittsergebnis liegt bei 34 aus 243
Antwortstatistiken
FC RedBull Salzburg % Korrekt
Erling Haaland
70%
Dominik Szoboszlai
60%
Jonathan Soriano
60%
Alexander Schlager
50%
Edmund Baidoo
50%
Kevin Kampl
50%
Mads Bidstrup
50%
Peter Gulacsi
50%
Philipp Köhn
50%
Sadio Mane
50%
Samson Baidoo
50%
Takumi Minamino
50%
Xaver Schlager
50%
Alan
40%
Amadou Haidara
40%
Andreas Ulmer
40%
Karim Adeyemi
40%
Karim Konate
40%
Stefan Lainer
40%
Strahinja Pavlovic
40%
Alexander Walke
30%
Amar Dedic
30%
Benjamin Sesko
30%
Cican Stankovic
30%
Dayot Upamecano
30%
Diadie Samassekou
30%
Duje Caleta-Car
30%
Hee-Chan Hwang
30%
Jacob Rasmussen
30%
Joane Gadou
30%
Junior Adamu
30%
Karim Onisiwo
30%
Konrad Laimer
30%
Maurits Kjaergaard
30%
Mergim Berisha
30%
Naby Keita
30%
Nicolas Seiwald
30%
Nico Mantl
30%
Noah Okafor
30%
Oliver Lukic
30%
Patson Daka
30%
Rodnei
30%
Sota Kitano
30%
Tim Trummer
30%
Valentin Sulzbacher
30%
Valon Berisha
30%
Zlatko Junuzovic
30%
Alexander Zickler
20%
Andreas Ivanschitz
20%
Carlos Coronel
20%
Christian Schwegler
20%
Christoph Jank
20%
Christoph Leitgeb
20%
Eddie Gustafsson
20%
Florian Klein
20%
Frans Krätzig
20%
Georg Teigl
20%
Ibrahim Sekagya
20%
Igor
20%
Isaac Vorsah
20%
Jakob Jantscher
20%
Jannik Schuster
20%
Johan Vonlanthen
20%
Mamady Diambou
20%
Marcel Sabitzer
20%
Marc Janko
20%
Marin Pongracic
20%
Martin Hinteregger
20%
Masaya Okugawa
20%
Mohamed Camara
20%
Munas Dabbur
20%
Omer Damari
20%
Patrik Jezek
20%
Paulo Miranda
20%
Petar Ratkov
20%
Rasmus Kristensen
20%
Rene Aufhauser
20%
Sebastian Miranda
20%
Soumaila Diabate
20%
Stefan Hierländer
20%
Stefan Stangl
20%
Takumu Kawamura
20%
Timo Ochs
20%
Yorbe Vertessen
20%
Aleksander Knavs
10%
Alexander Pöllhuber
10%
Alex Rafael
10%
Alex von Schwedler
10%
Andre Ramalho
10%
Ante Roguljic
10%
Barry Opdam
10%
Benno Schmitz
10%
Bernardo
10%
Bobby Clark
10%
Brenden Aaronson
10%
Bright Edomwonyi
10%
Chema Anton
10%
Christian Tiffert
10%
Christin Mayrleb
10%
Christopher Dibon
10%
Christoph Kröpfl
10%
Cristiano
10%
Daouda Guindo
10%
David Affengruber
10%
David Mendes da Silva
10%
Dijon Kameri
10%
Dorgeles Nene
10%
Douglas Mendes
10%
Douglas Silva
10%
Enock Mwepu
10%
Enrique Aguilar
10%
Ernst Öbster
10%
Ezequiel Carboni
10%
Felipe Pires
10%
Franz Schiemer
10%
Gerhard Tremmel
10%
Gonzalo Zarate
10%
Hannes Wolf
10%
Heinz Arzberger
10%
Hendry Blank
10%
Ignace Van der Brempt
10%
Ivan Santini
10%
Joaquin Boghossian
10%
Jorge Vargas
10%
Jürgen Pichorner
10%
Kamil Piatkowski
10%
Kerim Alajbegovic
10%
Kilian Ludewig
10%
Laszlo Bodnar
10%
Lawrence Agyekum
10%
Leonardo
10%
Luan
10%
Luka Sucic
10%
Lukas Wallner
10%
Manuel Pamic
10%
Marco Meilinger
10%
Markus Scharrer
10%
Markus Schopp
10%
Markus Steinhöfer
10%
Maximilian Wöber
10%
Milan Dudic
10%
Moussa Yeo
10%
Nicolas Capaldo
10%
Niko Kovac
10%
Oumar Solet
10%
Pascal Grünwald
10%
Patrick Farkas
10%
Peter Ankersen
10%
Peter Orosz
10%
Petri Pasanen
10%
Remo Meyer
10%
Robert Zulj
10%
Roland Kirchler
10%
Romano Schmid
10%
Roman Wallner
10%
Sasa Ilic
10%
Sekou Koita
10%
Stefan Bajcetic
10%
Stefan Ilsanker
10%
Stefan Savic
10%
Thomas Augustinussen
10%
Thomas Dähne
10%
Thomas Linke
10%
Thomas Winklhofer
10%
Timo Horn
10%
Vladimir Janocko
10%
Vratislav Lokvenc
10%
Wanderson
10%
Wolfgang Mair
10%
Yasin Pehlivan
10%
Adam Daghim
0%
Admir Vladavic
0%
Albert Vallci
0%
Aleksa Terzic
0%
Alex
0%
Alexander Aschauer
0%
Alexander Manninger
0%
Amankwah Forson
0%
Andre Wisdom
0%
Anis Boussaidi
0%
Antoine Bernede
0%
Antonin Svoboda
0%
Asger Sörensen
0%
Bryan Okoh
0%
Christian Zawieschitzky
0%
Clement Bischoff
0%
Daniel Offenbacher
0%
Darko Todorovic
0%
David Atanga
0%
Dimitri Oberlin
0%
Djordje Rakic
0%
Dusan Svento
0%
Felix Adjei
0%
Fernando
0%
Flavius Daniliuc
0%
Fredrik Gulbrandsen
0%
Hany Mukhtar
0%
Havard Nielsen
0%
Janis Blaswich
0%
Jasper Van der Werff
0%
Jefferson
0%
Jerome Onguene
0%
John Mellberg
0%
Josip Radosevic
0%
Karel Pitak
0%
Leandro Morgalla
0%
Louis Ngwat-Mahop
0%
Luca Meisl
0%
Lucas Gourna-Douath
0%
Luigi Bruins
0%
Lukas Gugganig
0%
Majeed Ashimeru
0%
Marco Djuricin
0%
Marc Rzatkowski
0%
Marko Vujic
0%
Massimo Bruno
0%
Maximiliano Caufriez
0%
Maynor Suazo
0%
Mejdi Traoui
0%
Nikola Pokrivac
0%
Nils Quaschner
0%
Norman Prenn
0%
Oscar Gloukh
0%
Pa Ousman Sonko
0%
Rabiu Afolabi
0%
Ramazan Özcan
0%
Rasmus Lindgren
0%
Reinhold Yabo
0%
Robin Nelisse
0%
Roko Simic
0%
Ronald Gercaliu
0%
Samson Tijani
0%
Samuel Tetteh
0%
Simon Cziommer
0%
Smail Prevljak
0%
Somen Tchoyi
0%
Stefan Maierhofer
0%
Taxiarchis Fountas
0%
Tsuneyasu Miyamoto
0%
Valentino Lazaro
0%
Yordy Reyna
0%
Youba Diarra
0%
Yusuf Otubanjo
0%
Keine übereinstimmenden Quizze gefunden
Verteilung der Resultate
Anzahl Personen mit jedem Resultat
Perzentil nach korrekt beantworteten Fragen
Ihre Resultats-Entwicklung
Sie haben dieses Quiz noch nicht gespielt